| 000 | 00912nam a2200253 i 4500 | ||
|---|---|---|---|
| 001 | C2-0341007 | ||
| 003 | PPAK | ||
| 005 | 20180728142808.0 | ||
| 008 | 170219s2016 my |||| ||||| | may d | ||
| 020 | _a9789674123888 | ||
| 040 |
_aPPAK _beng _cPPAK _erda |
||
| 082 | 0 | 4 |
_a363.709595 _223 |
| 090 | 0 | 0 |
_a363.709595 _bPEM _dG |
| 245 | 0 | 0 | _aPembangunan dan transformasi persekitaran |
| 264 | 1 |
_aBangi, Selangor : _bPenerbit Universiti Kebangsaan Malaysia , _c2016 |
|
| 300 |
_a231 pages ; _c23 cm |
||
| 336 |
_2rdacontent _atext |
||
| 337 |
_2rdamedia _aunmediated |
||
| 338 |
_2rdacarrier _avolume |
||
| 500 | _aIncludes bibliographical references and index. | ||
| 650 | 1 | 0 | _aEnviromental management - Malaysia. ; Enviromental protection - Malaysia. ; Sustainable development - Enviormental aspects - Malaysia. |
| 700 | 1 |
_aAzima Abdul Manaf ; Suhana Saad ; Kadir Arifin, 1974-, _eeditor |
|
| 942 |
_ddc _cB |
||
| 999 |
_c138122 _d138122 |
||